Latinorum (Record no. 64712)

MARC details
000 -LEADER
campo de control de longitud fija 00948nam a2200241 i 4500
001 - NÚMERO DE CONTROL
campo de control 64712
003 - IDENTIFICADOR DE NÚMERO DE CONTROL
campo de control ES-MaACL
005 - FECHA Y HORA DE LA ÚLTIMA TRANSACCIÓN
campo de control 20250327160919.0
007 - CAMPO FIJO DE DESCRIPCIÓN FÍSICA--INFORMACIÓN GENERAL
campo de control de longitud fija t|
008 - DATOS DE LONGITUD FIJA--INFORMACIÓN GENERAL
campo de control de longitud fija 040105s1952 sp ||||1| spa d
100 1# - ENTRADA PRINCIPAL--NOMBRE DE PERSONA
Nombre de persona Fornaciari, Michele.
9 (RLIN) 51767
245 10 - MENCIÓN DEL TÍTULO
Título Latinorum
Resto del título : guía práctica para los padres cuyos hijos estudian latín /
Mención de responsabilidad, etc. Michele Fornaciari ; versión del italiano por Claudio Matons Rossi.
260 ## - PUBLICACIÓN, DISTRIBUCIÓN, ETC.
Lugar de publicación, distribución, etc. Barcelona :
Nombre del editor, distribuidor, etc. Gustavo Gili,
Fecha de publicación, distribución, etc. 1952 (
Fabricante Agustín Núñez)
300 ## - DESCRIPCIÓN FÍSICA
Extensión 225 p. ;
Dimensiones 20 cm.
510 ## - NOTA DE CITAS O REFERENCIAS BIBLIOGRÁFICAS
Nombre de la fuente CCPB,<br/>
Localización dentro de la fuente 000942516-0
650 #4 - PUNTO DE ACCESO ADICIONAL DE MATERIA--TÉRMINO DE MATERIA
9 (RLIN) 14291
Término de materia o nombre geográfico como elemento de entrada Lengua latina
700 1# - ENTRADA AGREGADA--NOMBRE PERSONAL
Nombre de persona Matons Rossi, Claudio.
9 (RLIN) 79092
852 ## - LOCALIZACIÓN
Ubicación ES-MaACL
Número de control de estantería D-6269
Sublocalización o colección R.32412
-- R.M.5864
Ubicación en estantería Sala Valle Inclán
Marcas de propiedad Sello en tinta en azul de la Biblioteca del Ateneo de Madrid
Anotaciones manuscritas Anotación manuscrita en cubierta: "13"
itemnumber 67138
942 ## - ELEMENTOS DE ENTRADA SECUNDARIOS (KOHA)
Fuente del sistema de clasificación o colocación Clasificación decimal universal
Tipo de ítem Koha Libro impreso
Holdings
Estatus retirado Estado de pérdida Estado de daño No para préstamo Biblioteca de origen Biblioteca actual Ubicación en estantería Fecha de adquisición Fuente de adquisición Total de préstamos Signatura topográfica completa Código de barras Visto por última vez Precio de reemplazo Tipo de ítem Koha
        Biblioteca del Ateneo de Madrid Biblioteca del Ateneo de Madrid Sala Valle Inclán 17/01/2008     D-6269 901067805 23/02/2023 23/02/2023 Libro impreso